Word Ladder: Official Demonyms Quiz Stats

 Plays Quiz Updated Aug 11, 2017

Support Sporcle.
Go Orange.
Score 0/30 Timer 03:00
1 Play Today
Clue 4-Letter Word % Correct
At this spotHERE
96.5%
Rabbit relativeHARE
96.2%
Location for ice hockeyRINK
94.3%
A person from Istanbul•TURK•
94.1%
Fee paid for breaking a ruleFINE
94.1%
RotateTURN
94%
Have supperDINE
93.7%
Ivory on an elephantTUSK
93.5%
Flirt with the eyeWINK
92.9%
A person from Warsaw•POLE•
92.4%
A person from Copenhagen•DANE•
92.3%
Survey of votersPOLL
92.2%
A person from Helsinki•FINN•
91.8%
Yank towards yourselfPULL
91.5%
Oregano or coriander, e.g.HERB
91%
Clue 4-Letter Word % Correct
Board game of world conquestRISK
90.4%
Not thisTHAT
89%
Chip's chipmunk palDALE
88.8%
Of light pigmentationPALE
88.8%
'Because of ___-Dixie'WINN
88%
An informal conversationCHAT
87.8%
A person from Bangkok•THAI•
86.2%
Dean who was JFK's Sec'y of StateRUSK
84.2%
A layer of paintCOAT
81.6%
A person from Belgrade•SERB•
78.7%
Indy NFLerCOLT
70.8%
Zero a balanceTARE
70.2%
A mountain lakeTARN
69.6%
Select from a groupCULL
64.4%
Heaven's Gate, e.g.CULT
62.1%

Today's Daily Dose

You're not logged in!

Compare scores with friends on all Sporcle quizzes.
OR
Log In
Forgot?

From the Vault

Which Book Belongs?

by metashades

Hey, let's not get exclusive with our books now.
Remove Ads.
Support Sporcle.
Get the best of Sporcle when you Go Orange. This ad-free experience offers more features, more stats, and more fun while also helping to support Sporcle. Thank you for becoming a member.

Show Comments

Extras

Top Quizzes Today


Score Distribution

Your Account Isn't Verified!

In order to create a playlist on Sporcle, you need to verify the email address you used during registration. Go to your Sporcle Settings to finish the process.

Report this User

Report this user for behavior that violates our Community Guidelines.

Details: